[Event "12. Kup Svetozara Gligorica"]
[Site "Residency Prestige, Paracin"]
[Date "2026.05.23"]
[Round "3"]
[White "Bryakin, Mikhail"]
[Black "Radisavljevic, Dalibor"]
[Result "1-0"]
[WhiteElo "2472"]
[BlackElo "2265"]
[PlyCount "119"]
[EventDate "2026.05.21"]
[WhiteTeam "ŠK GORNJA JABLANICA - Medvedja"]
[BlackTeam "ŠK KABLOVI - Jagodina"]

1. Nf3 Nf6 2. g3 g6 3. Bg2 Bg7 4. O-O O-O 5. c4 d6 6. d4 Nc6 7. Nc3 Bf5 8. Ne1
e5 9. d5 Nb8 10. e4 Bd7 11. Nd3 Nh5 12. Be3 Qe8 13. Qd2 f5 14. f4 exf4 15. Nxf4
Nxf4 16. Bxf4 Na6 17. Rae1 Qf7 18. e5 dxe5 19. Bxe5 Rae8 20. Bxg7 Qxg7 21. a3
Nc5 22. b4 Nb3 23. Qd3 Qd4+ 24. Qxd4 Nxd4 25. c5 Kf7 26. d6 c6 27. Kf2 Kf6 28.
Rd1 Ne6 29. Rfe1 Ra8 30. Rd2 Rfe8 31. h4 Nf8 32. Rb1 Re5 33. Nd1 a5 34. Ne3
axb4 35. axb4 Be6 36. Rbb2 Nd7 37. Nc2 Bf7 38. Nd4 Bd5 39. Nf3 Bxf3 40. Bxf3
Ra4 41. g4 h6 42. gxf5 gxf5 43. h5 Kg5 44. b5 cxb5 45. Rxb5 Nxc5 46. Rxc5 Rxc5
47. d7 Ra8 48. d8=Q+ Rxd8 49. Rxd8 Rc2+ 50. Kg3 f4+ 51. Kh3 Rb2 52. Rd5+ Kf6
53. Rd6+ Kg5 54. Rg6+ Kf5 55. Bg4+ Ke4 56. Re6+ Kd4 57. Bf3 b5 58. Rxh6 b4 59.
Rb6 Rb1 60. Kg4 1-0

[Event "12. Kup Svetozara Gligorica"]
[Site "Residency Prestige, Paracin"]
[Date "2026.05.23"]
[Round "3"]
[White "Oliinyk, Serafym"]
[Black "Ljepic, Andrej"]
[Result "1/2-1/2"]
[WhiteElo "2241"]
[BlackElo "2428"]
[PlyCount "34"]
[EventDate "2026.05.21"]
[WhiteTeam "ŠK KABLOVI - Jagodina"]
[BlackTeam "ŠK GORNJA JABLANICA - Medvedja"]

1. e4 c5 2. Nf3 e6 3. d4 cxd4 4. Nxd4 a6 5. Bd3 Bc5 6. Nb3 Ba7 7. O-O Nc6 8.
Qe2 Nge7 9. Be3 O-O 10. c4 Bxe3 11. Qxe3 f5 12. exf5 Nxf5 13. Qh3 b5 14. cxb5
axb5 15. Bxb5 Ne5 16. Nc3 Rf6 17. Ne4 Rg6 1/2-1/2

[Event "12. Kup Svetozara Gligorica"]
[Site "Residency Prestige, Paracin"]
[Date "2026.05.23"]
[Round "3"]
[White "Pap, Misa"]
[Black "Ivic, Matija"]
[Result "1-0"]
[WhiteElo "2415"]
[BlackElo "2244"]
[PlyCount "67"]
[EventDate "2026.05.21"]
[WhiteTeam "ŠK GORNJA JABLANICA - Medvedja"]
[BlackTeam "ŠK KABLOVI - Jagodina"]

1. e4 c5 2. Nf3 g6 3. d4 cxd4 4. Nxd4 Nc6 5. c4 Nf6 6. Nc3 d6 7. Be2 Bg7 8. Be3
O-O 9. O-O a6 10. Rc1 Nxd4 11. Bxd4 Qa5 12. Qd3 Bd7 13. Qe3 Rfc8 14. a3 Bc6 15.
b4 Qd8 16. a4 Qf8 17. Qd3 a5 18. b5 Be8 19. e5 dxe5 20. Bxe5 Bh6 21. Bxf6 Bxc1
22. Nd5 exf6 23. Rxc1 Qd6 24. Qd4 Kg7 25. c5 Qe6 26. Bg4 Rxc5 27. Qxc5 Qxg4 28.
h3 Qe4 29. f3 Qf5 30. Nb6 Qxc5+ 31. Rxc5 Rd8 32. Rc7 Rd4 33. Rxb7 Rb4 34. Ra7
1-0

[Event "12. Kup Svetozara Gligorica"]
[Site "Residency Prestige, Paracin"]
[Date "2026.05.23"]
[Round "3"]
[White "Milosevic, Aleksandar J"]
[Black "Dimitrov, Radoslav"]
[Result "0-1"]
[WhiteElo "2163"]
[BlackElo "2474"]
[PlyCount "62"]
[EventDate "2026.05.21"]
[WhiteTeam "ŠK KABLOVI - Jagodina"]
[BlackTeam "ŠK GORNJA JABLANICA - Medvedja"]

1. d4 c6 2. e4 d5 3. exd5 cxd5 4. Bd3 Nc6 5. c3 Nf6 6. Bf4 Bg4 7. Qb3 e5 8. h3
exf4 9. hxg4 Qd7 10. Ne2 Nxg4 11. Nxf4 O-O-O 12. Nd2 g6 13. Nf3 Qd6 14. Ne2 h5
15. Kf1 Qf6 16. Re1 Bd6 17. Qc2 h4 18. Neg1 Rde8 19. Nh3 Kc7 20. Qd2 Rxe1+ 21.
Kxe1 Nd8 22. Kd1 Ne6 23. Re1 Nf4 24. Nxf4 Bxf4 25. Qe2 h3 26. gxh3 Rxh3 27. Bb5
Bd6 28. Ng1 Nxf2+ 29. Kc2 Rh4 30. Qe8 Qf5+ 31. Kb3 Re4 0-1

[Event "12. Kup Svetozara Gligorica"]
[Site "Residency Prestige, Paracin"]
[Date "2026.05.23"]
[Round "3"]
[White "Djordjevic, Vuk"]
[Black "Atalik, Suat"]
[Result "0-1"]
[WhiteElo "2380"]
[BlackElo "2406"]
[PlyCount "96"]
[EventDate "2026.05.21"]
[WhiteTeam "ŠKGN NAIS - Niš"]
[BlackTeam "ŠK CRVENA ZVZEDA - Beograd"]

1. d4 d5 2. Nf3 Nf6 3. c4 c6 4. Nc3 dxc4 5. a4 Bf5 6. e3 e6 7. Bxc4 Bb4 8. O-O
Nbd7 9. h3 Bg6 10. Qe2 a5 11. e4 O-O 12. e5 Nd5 13. Ne4 Kh8 14. Rd1 Qe7 15. Ne1
f6 16. Nd3 Bxe4 17. Qxe4 fxe5 18. Nxb4 axb4 19. dxe5 Qc5 20. Qe2 Rf5 21. Bxd5
exd5 22. Be3 Rxe5 23. Qd2 Qf8 24. a5 Rae8 25. Qd3 Nb8 26. Qc2 Na6 27. Rd3 c5
28. Rad1 d4 29. Bd2 Qf5 30. Qc4 Qe6 31. Qxe6 R8xe6 32. Kf1 Kg8 33. Bf4 Rf5 34.
Bh2 Kf7 35. g4 Rd5 36. b3 Rd7 37. Rf3+ Ke8 38. Re1 Rde7 39. Rxe6 Rxe6 40. Rf5
Kd7 41. Rf7+ Kc6 42. Rxg7 c4 43. bxc4 b3 44. Rg5 Nc5 45. Rg7 Rd6 46. Re7 b2 47.
Re1 Nd3 48. Rd1 Re6 0-1

[Event "12. Kup Svetozara Gligorica"]
[Site "Residency Prestige, Paracin"]
[Date "2026.05.23"]
[Round "3"]
[White "Antic, Dejan"]
[Black "Ciric, Pavle"]
[Result "1-0"]
[WhiteElo "2309"]
[BlackElo "2265"]
[PlyCount "99"]
[EventDate "2026.05.21"]
[WhiteTeam "ŠK CRVENA ZVZEDA - Beograd"]
[BlackTeam "ŠKGN NAIS - Niš"]

1. d4 d5 2. Nf3 Nf6 3. g3 e6 4. Bg2 Be7 5. c4 O-O 6. O-O a5 7. Nc3 c6 8. b3 b6
9. Nd2 Ba6 10. Re1 b5 11. c5 b4 12. Na4 Nbd7 13. Bb2 Bb5 14. a3 Qc7 15. Qc2 h6
16. axb4 axb4 17. e3 Ra6 18. f3 Rfa8 19. e4 Qa7 20. e5 Ne8 21. Bf1 Ra5 22. f4
Nc7 23. f5 exf5 24. Qxf5 Ne6 25. Bd3 g6 26. Qf3 Bg5 27. Nf1 Qa6 28. Rad1 Bxd3
29. Rxd3 h5 30. h4 Bh6 31. Qd1 Rf8 32. Rf3 Qb5 33. Nh2 Raa8 34. Ref1 Rae8 35.
g4 hxg4 36. Nxg4 Bg7 37. Bc1 Qb8 38. Bg5 Nxd4 39. Qxd4 Nxe5 40. Nxe5 Bxe5 41.
Qd3 Bh2+ 42. Kh1 Re4 43. Nb6 Qc7 44. Rh3 Be5 45. h5 Rg4 46. Rg1 Rxg1+ 47. Kxg1
Bf4 48. Bf6 Be5 49. hxg6 Bxf6 50. g7 1-0

[Event "12. Kup Svetozara Gligorica"]
[Site "Residency Prestige, Paracin"]
[Date "2026.05.23"]
[Round "3"]
[White "Todorovic, Nenad I"]
[Black "Djuric, Stefan"]
[Result "1/2-1/2"]
[WhiteElo "2264"]
[BlackElo "2216"]
[PlyCount "175"]
[EventDate "2026.05.21"]
[WhiteTeam "ŠKGN NAIS - Niš"]
[BlackTeam "ŠK CRVENA ZVZEDA - Beograd"]

1. e4 e5 2. Nf3 Nc6 3. Bb5 a6 4. Ba4 Nf6 5. d4 exd4 6. O-O Be7 7. e5 Ne4 8.
Nxd4 O-O 9. Nf5 d5 10. Bxc6 bxc6 11. Nxe7+ Qxe7 12. Re1 Re8 13. f3 Nd6 14. b3
Nf5 15. Qd2 a5 16. Ba3 Qh4 17. Nc3 Qd4+ 18. Qxd4 Nxd4 19. Rac1 Bf5 20. Bb2 Nxc2
21. Re2 Nb4 22. Na4 h5 23. Ba1 Rab8 24. Nc5 h4 25. Rd2 Ra8 26. Bd4 Na6 27. Nb7
Nb4 28. Nc5 Na6 29. Nb7 Nb8 30. Re1 Nd7 31. Nc5 Nxc5 32. Bxc5 a4 33. b4 a3 34.
Rd4 f6 35. Rf4 Bd7 36. Rxh4 Rxe5 37. Rxe5 fxe5 38. Rh5 Re8 39. Kf2 g6 40. Rg5
Bf5 41. h4 Kf7 42. h5 Kf6 43. Be3 d4 44. Bc1 Rh8 45. hxg6 Bxg6 46. f4 e4 47.
Rc5 e3+ 48. Kf3 Bh5+ 49. g4 Be8 50. Bxa3 Rh3+ 51. Ke2 Rh2+ 52. Kf3 Rxa2 53. Bc1
Rf2+ 54. Ke4 e2 55. Bd2 e1=Q+ 56. Bxe1 Re2+ 57. Kxd4 Rxe1 58. Rf5+ Ke6 59. Rg5
Bf7 60. Rc5 Kd6 61. Rg5 Rc1 62. Rc5 Rb1 63. Rf5 Be6 64. Rf6 Ke7 65. g5 Rxb4+
66. Ke5 Rb5+ 67. Ke4 Bd5+ 68. Kf5 Bf7+ 69. Ke4 Rb6 70. Rh6 c5 71. Rh7 Kf8 72.
f5 Kg8 73. g6 Rxg6 74. Rxf7 Rg4+ 75. Kf3 Kxf7 76. Kxg4 c4 77. Kf4 Kf6 78. Ke4
c5 79. Kf4 c3 80. Ke3 c4 81. Ke2 Kxf5 82. Kd1 Ke4 83. Kc2 Kd4 84. Kc1 Kc5 85.
Kc2 Kb4 86. Kc1 Kb3 87. Kb1 Ka3 88. Kc2 1/2-1/2

[Event "12. Kup Svetozara Gligorica"]
[Site "Residency Prestige, Paracin"]
[Date "2026.05.23"]
[Round "3"]
[White "Ivanovic, Marko"]
[Black "Zivic, Dragan"]
[Result "1-0"]
[WhiteElo "2246"]
[BlackElo "2093"]
[PlyCount "79"]
[EventDate "2026.05.21"]
[WhiteTeam "ŠK CRVENA ZVZEDA - Beograd"]
[BlackTeam "ŠKGN NAIS - Niš"]

1. e4 c5 2. Nf3 e6 3. d4 cxd4 4. Nxd4 a6 5. Nc3 Qc7 6. g3 b6 7. Bg2 Bb7 8. O-O
d6 9. Re1 Be7 10. Qh5 g6 11. Qe2 Nc6 12. Nxc6 Bxc6 13. a4 h5 14. Be3 Nf6 15.
Bg5 Ng4 16. Bxe7 Qxe7 17. h3 Ne5 18. f4 Nd7 19. Qc4 Rc8 20. Qxa6 O-O 21. Qd3 h4
22. g4 e5 23. f5 Rfd8 24. Qd2 g5 25. Bf1 Bb7 26. Bb5 f6 27. b3 Rc5 28. Bc4+ Kg7
29. Bd5 Ba6 30. b4 Rc7 31. Be6 Bc4 32. Bxc4 Rxc4 33. Nd5 Qe8 34. c3 Ra8 35. Qd3
Qc8 36. Red1 Qc6 37. Kf2 Nf8 38. Kf3 Rxa4 39. Rxa4 Qxa4 40. Nxb6 1-0

[Event "12. Kup Svetozara Gligorica"]
[Site "Residency Prestige, Paracin"]
[Date "2026.05.23"]
[Round "3"]
[White "Pogorelskikh, Sergey"]
[Black "Kovacevic, Aleksandar"]
[Result "1/2-1/2"]
[WhiteElo "2124"]
[BlackElo "2437"]
[PlyCount "79"]
[EventDate "2026.05.21"]
[WhiteTeam "OŠK PARACIN - Paracin"]
[BlackTeam "NOVOSADSKI ŠK - Novi Sad"]

1. e4 c5 2. Nf3 d6 3. d4 cxd4 4. Nxd4 Nf6 5. Nc3 a6 6. Be3 e5 7. Nb3 Be6 8. Be2
Be7 9. f4 Qc7 10. f5 Bc8 11. a4 b6 12. O-O Bb7 13. Bf3 Nbd7 14. g4 h6 15. Qd2
Rc8 16. Rad1 Qb8 17. Qg2 Nh7 18. Qe2 Ng5 19. Bg2 O-O 20. Nd2 Nh7 21. Bf2 Qc7
22. Rfe1 Rfe8 23. Nf1 Nhf6 24. h4 Qc4 25. Ne3 Qxe2 26. Rxe2 Nc5 27. Nc4 Nxg4
28. Nxd6 Nxf2 29. Kxf2 Bxd6 30. Rxd6 Bc6 31. Red2 Nb7 32. R6d3 Nc5 33. Rd6 Nb7
34. R6d3 a5 35. Ke3 Nc5 36. Rd6 Kf8 37. Bf1 Nb7 38. R6d3 Nc5 39. Rd6 Nb7 40.
R6d3 1/2-1/2

[Event "12. Kup Svetozara Gligorica"]
[Site "Residency Prestige, Paracin"]
[Date "2026.05.23"]
[Round "3"]
[White "Ivanovic, Leonid"]
[Black "Paunovic, Lazar"]
[Result "0-1"]
[WhiteElo "2184"]
[BlackElo "1917"]
[PlyCount "70"]
[EventDate "2026.05.21"]
[WhiteTeam "NOVOSADSKI ŠK - Novi Sad"]
[BlackTeam "OŠK PARACIN - Paracin"]

1. e4 c6 2. d4 d5 3. Nc3 dxe4 4. Nxe4 Bf5 5. Ng3 Bg6 6. Nh3 Nd7 7. Nf4 e5 8.
Nxg6 hxg6 9. dxe5 Qa5+ 10. Bd2 Qxe5+ 11. Be2 Ngf6 12. Bc3 Qd5 13. Bd3 O-O-O 14.
O-O Nc5 15. Re1 Nxd3 16. cxd3 Bd6 17. Qa4 Kb8 18. Qc4 Bxg3 19. hxg3 Qh5 20. f3
Rd5 21. Qf4+ Ka8 22. Bxf6 gxf6 23. Qxf6 Rxd3 24. Qe5 Qh1+ 25. Kf2 Rd2+ 26. Ke3
Qh6+ 27. f4 Rd5 28. Qc3 Rhd8 29. Kf2 Qh5 30. Re7 Rd2+ 31. Kg1 Qd5 32. Qf3 Qd4+
33. Kf1 Rh8 34. Re8+ Rxe8 35. Re1 Rh8 0-1

[Event "12. Kup Svetozara Gligorica"]
[Site "Residency Prestige, Paracin"]
[Date "2026.05.23"]
[Round "3"]
[White "Milosevic, Andrej"]
[Black "Adamovic, Nikola"]
[Result "0-1"]
[WhiteElo "1921"]
[BlackElo "2133"]
[PlyCount "100"]
[EventDate "2026.05.21"]
[WhiteTeam "OŠK PARACIN - Paracin"]
[BlackTeam "NOVOSADSKI ŠK - Novi Sad"]

1. e4 c5 2. Nf3 Nc6 3. d4 cxd4 4. Nxd4 Nf6 5. Nc3 e5 6. Ndb5 d6 7. Nd5 Nxd5 8.
exd5 Ne7 9. c4 Ng6 10. Bd3 Be7 11. O-O O-O 12. Bxg6 hxg6 13. b3 a6 14. Nc3 f5
15. f4 Bf6 16. Qd3 b5 17. Rb1 e4 18. Qc2 Bd7 19. Be3 bxc4 20. bxc4 Qa5 21. Ne2
Ba4 22. Qc1 Qc7 23. Bb6 Qd7 24. Qd2 Rab8 25. Rfc1 Rfc8 26. Qa5 Qe8 27. Rb4 Bd7
28. Rcb1 g5 29. Be3 Rxb4 30. Qxb4 gxf4 31. Bxf4 Be5 32. Bxe5 Qxe5 33. Qb7 Qe7
34. Qxa6 Rf8 35. Nf4 Qf6 36. Qa7 Rf7 37. Qe3 Rf8 38. h3 g5 39. Ne2 f4 40. Qc3
Qg6 41. Rf1 Qh5 42. Qd2 e3 43. Qe1 Bxh3 44. Nd4 Bxg2 45. Kxg2 Qg4+ 46. Kh2 Rf7
47. Qb1 Rh7+ 48. Qxh7+ Kxh7 49. Rg1 Qh4+ 50. Kg2 f3+ 0-1

[Event "12. Kup Svetozara Gligorica"]
[Site "Residency Prestige, Paracin"]
[Date "2026.05.23"]
[Round "3"]
[White "Pasula, Milos"]
[Black "Lukic, David"]
[Result "0-1"]
[WhiteElo "2062"]
[BlackElo "1783"]
[PlyCount "94"]
[EventDate "2026.05.21"]
[WhiteTeam "NOVOSADSKI ŠK - Novi Sad"]
[BlackTeam "OŠK PARACIN - Paracin"]

1. d4 d5 2. c4 c6 3. Nc3 Nf6 4. Nf3 dxc4 5. a4 Bf5 6. e3 e6 7. Bxc4 Bb4 8. O-O
O-O 9. Qe2 Bg6 10. Ne5 Nbd7 11. Nxg6 hxg6 12. Rd1 Nb6 13. Bb3 a5 14. e4 Qc7 15.
Bg5 Be7 16. e5 Nfd5 17. Ne4 f6 18. exf6 gxf6 19. Bh6 Rf7 20. Rd3 g5 21. g3 Rh7
22. Qh5 Kh8 23. Nc5 Qc8 24. Rf3 Bf8 25. Bc2 Rxh6 26. Qf7 Qe8 27. Qxb7 Qh5 28.
Raa3 Qxh2+ 29. Kf1 Qh1+ 30. Ke2 Qc1 31. Be4 Qxb2+ 32. Kf1 Qc1+ 33. Ke2 Rh1 34.
Rfd3 g4 35. Bxh1 Qxh1 36. Rd1 Qh7 37. Qxh7+ Kxh7 38. Rb3 Bxc5 39. dxc5 Nxa4 40.
Rb7+ Kg6 41. Rd4 f5 42. Rc4 Nac3+ 43. Kd3 Ne4 44. Rc1 a4 45. Kd4 a3 46. Ke5 a2
47. Ra1 Nxc5 0-1

[Event "12. Kup Svetozara Gligorica"]
[Site "Residency Prestige, Paracin"]
[Date "2026.05.23"]
[Round "4"]
[White "Nestorovic, Dejan"]
[Black "Bryakin, Mikhail"]
[Result "0-1"]
[WhiteElo "2295"]
[BlackElo "2472"]
[PlyCount "88"]
[EventDate "2026.05.21"]
[WhiteTeam "ŠK PROLETER - Coka"]
[BlackTeam "ŠK GORNJA JABLANICA - Medvedja"]

1. d4 g6 2. c4 Bg7 3. e4 d6 4. Nc3 c5 5. d5 Bxc3+ 6. bxc3 e5 7. Bd3 Nd7 8. a4
a5 9. Be3 Qe7 10. g4 Kd8 11. Nf3 Nb6 12. Rg1 Bd7 13. Qb3 Ra6 14. Bc2 Nf6 15. h3
Ne8 16. Bh6 Rg8 17. Bg5 f6 18. Be3 Qf7 19. Ke2 Kc7 20. Qa2 Ng7 21. Bh6 Ne8 22.
Be3 h5 23. gxh5 g5 24. Rg3 Rh8 25. h4 g4 26. Nh2 Qxh5 27. Rag1 f5 28. exf5 Bxf5
29. Nxg4 Bxc2 30. Qxc2 Nxc4 31. Qd3 Nb6 32. Bg5 Nxa4 33. Ra1 Nb6 34. c4 Nd7 35.
Kf1 Rf8 36. Kg2 Ng7 37. Ne3 Qf7 38. Ra2 Nh5 39. Rh3 Rg8 40. Kf1 Nf4 41. Bxf4
exf4 42. Nd1 Qg7 43. Ke2 Ne5 44. Qf5 f3+ 0-1

[Event "12. Kup Svetozara Gligorica"]
[Site "Residency Prestige, Paracin"]
[Date "2026.05.23"]
[Round "4"]
[White "Ljepic, Andrej"]
[Black "Kopasz, Robert"]
[Result "1-0"]
[WhiteElo "2428"]
[BlackElo "2257"]
[PlyCount "57"]
[EventDate "2026.05.21"]
[WhiteTeam "ŠK GORNJA JABLANICA - Medvedja"]
[BlackTeam "ŠK PROLETER - Coka"]

1. e4 e5 2. Nf3 Nc6 3. Nc3 Be7 4. d4 d6 5. d5 Nb8 6. h3 Nf6 7. g4 c6 8. g5 Nfd7
9. Be3 Nb6 10. Rg1 Qc7 11. Nd2 Bd7 12. h4 Na6 13. a4 Qb8 14. a5 Nc8 15. h5 Nb4
16. Bc4 b5 17. dxc6 Bxc6 18. Bb3 Qc7 19. Qf3 Rf8 20. Qe2 Rb8 21. f4 Bd8 22. Nf3
g6 23. Rh1 Ne7 24. hxg6 hxg6 25. Rh7 Bd7 26. Nh4 Nbc6 27. f5 Nxa5 28. fxg6 Nxb3
29. gxf7+ 1-0

[Event "12. Kup Svetozara Gligorica"]
[Site "Residency Prestige, Paracin"]
[Date "2026.05.23"]
[Round "4"]
[White "Nestorovic, Lazar"]
[Black "Pap, Misa"]
[Result "0-1"]
[WhiteElo "2307"]
[BlackElo "2415"]
[PlyCount "88"]
[EventDate "2026.05.21"]
[WhiteTeam "ŠK PROLETER - Coka"]
[BlackTeam "ŠK GORNJA JABLANICA - Medvedja"]

1. e4 e5 2. Nf3 Nc6 3. Bb5 g6 4. h4 h6 5. Qe2 Bg7 6. c3 Nge7 7. h5 g5 8. Na3 a6
9. Ba4 d6 10. Bb3 b5 11. d3 Na5 12. Bd1 c5 13. Nc2 Be6 14. Ne3 Qd7 15. Nh2 f5
16. exf5 Nxf5 17. Nxf5 Bxf5 18. Nf1 O-O 19. Ng3 Bh7 20. O-O d5 21. b3 Nc6 22.
Bb2 Rae8 23. Qd2 Rf7 24. Bc2 Rd8 25. Rae1 Qg4 26. a3 a5 27. Qe2 Qd7 28. Rd1 Re8
29. Rde1 Ree7 30. Rd1 Nd8 31. Qd2 Qb7 32. Rde1 Rd7 33. Bd1 Ne6 34. Bc2 Nf4 35.
d4 Bxc2 36. Qxc2 cxd4 37. cxd4 e4 38. Re3 Rc7 39. Qd2 b4 40. axb4 axb4 41. f3
Qc8 42. Rc1 Rxc1+ 43. Bxc1 Rc7 44. Re1 Rc2 0-1

[Event "12. Kup Svetozara Gligorica"]
[Site "Residency Prestige, Paracin"]
[Date "2026.05.23"]
[Round "4"]
[White "Dimitrov, Radoslav"]
[Black "Lorinc, Sandor"]
[Result "1-0"]
[WhiteElo "2474"]
[BlackElo "1974"]
[PlyCount "95"]
[EventDate "2026.05.21"]
[WhiteTeam "ŠK GORNJA JABLANICA - Medvedja"]
[BlackTeam "ŠK PROLETER - Coka"]

1. d4 Nf6 2. c4 e6 3. Nc3 d5 4. cxd5 exd5 5. Bg5 Be7 6. e3 O-O 7. Bd3 c6 8.
Nge2 Bg4 9. Qc2 Nbd7 10. h3 Bxe2 11. Bxe2 Ne4 12. Bxe7 Qxe7 13. Nxe4 dxe4 14.
O-O Nb6 15. b4 Rfe8 16. Rab1 Nd5 17. Rfc1 Qg5 18. b5 Rac8 19. Qb3 Ne7 20. bxc6
bxc6 21. Rc5 Qg6 22. Qa4 Qd6 23. Ra5 Rb8 24. Rb3 Rxb3 25. axb3 Rb8 26. Rxa7 g6
27. Bc4 Kg7 28. Qa5 Nd5 29. Qc5 Qxc5 30. dxc5 Kf6 31. Kf1 h5 32. g4 hxg4 33.
hxg4 g5 34. Rd7 Ne7 35. Rd6+ Kg7 36. Rd4 Ng6 37. Rxe4 Ra8 38. f4 Kf6 39. Kf2
Ra2+ 40. Kg3 Kg7 41. f5 Nh4 42. Re7 Kh6 43. Rxf7 Ng2 44. Re7 Nf4 45. Bg8 Ne2+
46. Kf3 Nd4+ 47. Ke4 Nxf5 48. Rh7+ 1-0

[Event "12. Kup Svetozara Gligorica"]
[Site "Residency Prestige, Paracin"]
[Date "2026.05.23"]
[Round "4"]
[White "Atalik, Suat"]
[Black "Pogorelskikh, Sergey"]
[Result "1/2-1/2"]
[WhiteElo "2406"]
[BlackElo "2124"]
[PlyCount "74"]
[EventDate "2026.05.21"]
[WhiteTeam "ŠK CRVENA ZVZEDA - Beograd"]
[BlackTeam "OŠK PARACIN - Paracin"]

1. d4 Nf6 2. c4 e6 3. Nf3 b6 4. g3 Bb7 5. Bg2 Be7 6. Nc3 O-O 7. h4 d5 8. cxd5
exd5 9. O-O Nbd7 10. Bf4 a6 11. Rc1 Nh5 12. Bxc7 Qxc7 13. Nxd5 Qd8 14. Nxe7+
Qxe7 15. Rc7 Rab8 16. Ne5 Bxg2 17. Rxd7 Qe6 18. Kxg2 f6 19. Qb3 Qxb3 20. axb3
fxe5 21. dxe5 Rbc8 22. e3 g6 23. f4 Ng7 24. Rfd1 Rc2+ 25. R1d2 Rfc8 26. Kf3
Rxd2 27. Rxd2 Rc5 28. g4 Rb5 29. Rd3 Kf7 30. h5 Ke7 31. hxg6 hxg6 32. Rd6 Ne6
33. f5 Ng5+ 34. Kf4 Nh3+ 35. Kf3 Ng5+ 36. Kf4 Nh3+ 37. Kf3 Ng5+ 1/2-1/2

[Event "12. Kup Svetozara Gligorica"]
[Site "Residency Prestige, Paracin"]
[Date "2026.05.23"]
[Round "4"]
[White "Paunovic, Lazar"]
[Black "Antic, Dejan"]
[Result "0-1"]
[WhiteElo "1917"]
[BlackElo "2309"]
[PlyCount "60"]
[EventDate "2026.05.21"]
[WhiteTeam "OŠK PARACIN - Paracin"]
[BlackTeam "ŠK CRVENA ZVZEDA - Beograd"]

1. d4 e6 2. Nf3 Nf6 3. g3 c5 4. Bg2 cxd4 5. Nxd4 d5 6. O-O e5 7. Nf3 Nc6 8. c4
d4 9. e3 Be7 10. exd4 exd4 11. Re1 O-O 12. Nbd2 Qb6 13. Ne5 Be6 14. Ndf3 Bc5
15. b3 Rad8 16. Nxc6 bxc6 17. Ne5 d3 18. Be3 d2 19. Re2 Bxe3 20. Rxe3 Qd4 21.
Bf3 Rd6 22. Be2 Rfd8 23. Rb1 Bf5 24. c5 Qxc5 25. Rb2 Qc1 26. Nc4 Rd4 27. Kg2
Rxc4 28. bxc4 Qxb2 29. Qb3 Qxb3 30. Rxb3 Bc2 0-1

[Event "12. Kup Svetozara Gligorica"]
[Site "Residency Prestige, Paracin"]
[Date "2026.05.23"]
[Round "4"]
[White "Ivanovic, Marko"]
[Black "Milosevic, Andrej"]
[Result "1-0"]
[WhiteElo "2246"]
[BlackElo "1921"]
[PlyCount "77"]
[EventDate "2026.05.21"]
[WhiteTeam "ŠK CRVENA ZVZEDA - Beograd"]
[BlackTeam "OŠK PARACIN - Paracin"]

1. e4 d6 2. d4 Nf6 3. Nc3 g6 4. Be3 Bg7 5. Qd2 a6 6. O-O-O b5 7. f3 Bb7 8. Bh6
Bxh6 9. Qxh6 Nbd7 10. e5 b4 11. Nb1 Nd5 12. e6 fxe6 13. Qg7 Rf8 14. Qxh7 N7f6
15. Qxg6+ Kd7 16. Nh3 a5 17. Qd3 Rg8 18. Qd2 c6 19. Ng5 Qb6 20. h4 c5 21. Qe1
Nc7 22. dxc5 Qxc5 23. Nd2 Bd5 24. Kb1 a4 25. Nge4 Qc6 26. Nxf6+ exf6 27. Ne4
Rgb8 28. Nxf6+ Ke7 29. Nxd5+ Nxd5 30. Qe4 Nc3+ 31. bxc3 bxc3+ 32. Ka1 Qb6 33.
Qh7+ Kf6 34. Qh6+ Kf7 35. Qc1 Qc5 36. Qf4+ Ke8 37. Qxd6 Rd8 38. Qxe6+ Kf8 39.
Qf6+ 1-0

[Event "12. Kup Svetozara Gligorica"]
[Site "Residency Prestige, Paracin"]
[Date "2026.05.23"]
[Round "4"]
[White "Lukic, David"]
[Black "Ristic, Luka"]
[Result "0-1"]
[WhiteElo "1783"]
[BlackElo "2304"]
[PlyCount "72"]
[EventDate "2026.05.21"]
[WhiteTeam "OŠK PARACIN - Paracin"]
[BlackTeam "ŠK CRVENA ZVZEDA - Beograd"]

1. e4 Nc6 2. d4 d5 3. exd5 Qxd5 4. Nf3 Bg4 5. Be2 O-O-O 6. c4 Qf5 7. Be3 e6 8.
h3 Bxf3 9. Bxf3 Nb4 10. O-O Qc2 11. Nd2 Qxd1 12. Raxd1 Ne7 13. a3 Nc2 14. Nb3
Nf5 15. Rd3 Ncxe3 16. fxe3 g6 17. e4 Nxd4 18. Nxd4 Rxd4 19. Rxd4 Bc5 20. Rfd1
Rd8 21. b4 Bxd4+ 22. Kf1 Bb2 23. a4 Rxd1+ 24. Bxd1 Ba3 25. b5 Kd7 26. Ke2 Kd6
27. Kd3 Ke5 28. Bf3 Bc5 29. Bd1 b6 30. Bf3 h5 31. Bd1 Kf4 32. Bf3 h4 33. Ke2
Bb4 34. Bg4 Kxe4 35. Kf2 Bc5+ 36. Ke1 Kd3 0-1

[Event "12. Kup Svetozara Gligorica"]
[Site "Residency Prestige, Paracin"]
[Date "2026.05.23"]
[Round "4"]
[White "Radisavljevic, Dalibor"]
[Black "Djordjevic, Vuk"]
[Result "0-1"]
[WhiteElo "2265"]
[BlackElo "2380"]
[PlyCount "62"]
[EventDate "2026.05.21"]
[WhiteTeam "ŠK KABLOVI - Jagodina"]
[BlackTeam "ŠKGN NAIS - Niš"]

1. e4 e6 2. d4 d5 3. Nd2 h6 4. Ngf3 Nf6 5. e5 Nfd7 6. Bd3 c5 7. c3 Nc6 8. O-O
g5 9. h3 h5 10. c4 Be7 11. Re1 Nf8 12. g4 hxg4 13. hxg4 Nb4 14. cxd5 Nxd3 15.
d6 Nxe1 16. Qxe1 Bxd6 17. exd6 Qf6 18. Qe4 Qh6 19. Kf1 Nd7 20. Nc4 cxd4 21. Ke2
Qh7 22. Qxd4 f6 23. Bd2 b6 24. Qe3 Kf7 25. Nd4 Re8 26. Nb5 Ba6 27. a4 Qc2 28.
b3 Bxb5 29. axb5 Nc5 30. d7 Red8 31. Qh3 Nxb3 0-1

[Event "12. Kup Svetozara Gligorica"]
[Site "Residency Prestige, Paracin"]
[Date "2026.05.23"]
[Round "4"]
[White "Ciric, Pavle"]
[Black "Oliinyk, Serafym"]
[Result "0-1"]
[WhiteElo "2265"]
[BlackElo "2241"]
[PlyCount "108"]
[EventDate "2026.05.21"]
[WhiteTeam "ŠKGN NAIS - Niš"]
[BlackTeam "ŠK KABLOVI - Jagodina"]

1. e4 e5 2. Nf3 Nc6 3. Bb5 a6 4. Ba4 Nf6 5. O-O Be7 6. d3 b5 7. Bb3 O-O 8. Nc3
d6 9. a3 Na5 10. Ba2 Be6 11. b4 Bxa2 12. Rxa2 Nc6 13. Bg5 h6 14. Bxf6 Bxf6 15.
Nd5 Nd4 16. c3 Nxf3+ 17. Qxf3 a5 18. g3 c6 19. Ne3 g6 20. Rc2 Bg5 21. c4 axb4
22. axb4 Ra3 23. cxb5 Bxe3 24. Qxe3 cxb5 25. Qxh6 Rxd3 26. Rd2 Rxd2 27. Qxd2
Qc7 28. Rc1 Qb7 29. Qd3 Ra8 30. h4 Ra4 31. h5 gxh5 32. Qxd6 Qxe4 33. Qf6 Ra8
34. Qg5+ Kh7 35. Qxh5+ Kg7 36. Qg5+ Kh7 37. Qf6 Qd5 38. Re1 Re8 39. Qf5+ Kg7
40. Re4 Re6 41. Rh4 Rc6 42. Qg5+ Rg6 43. Qh5 Kf6 44. Qh8+ Ke7 45. Qb8 Rc6 46.
Qa7+ Ke6 47. Rh6+ f6 48. Qe3 Rc8 49. Rh7 Qd1+ 50. Kg2 Rc1 51. Rh6 Qd5+ 52. f3
Qa2+ 53. Kh3 Rh1+ 54. Kg4 Qc4+ 0-1

[Event "12. Kup Svetozara Gligorica"]
[Site "Residency Prestige, Paracin"]
[Date "2026.05.23"]
[Round "4"]
[White "Ivic, Matija"]
[Black "Todorovic, Nenad I"]
[Result "1-0"]
[WhiteElo "2244"]
[BlackElo "2264"]
[PlyCount "75"]
[EventDate "2026.05.21"]
[WhiteTeam "ŠK KABLOVI - Jagodina"]
[BlackTeam "ŠKGN NAIS - Niš"]

1. d4 Nf6 2. c4 e6 3. Nf3 b6 4. g3 Ba6 5. Qc2 Bb7 6. Bg2 c5 7. d5 exd5 8. cxd5
Bxd5 9. Nc3 Bc6 10. e4 d6 11. Bf4 Nh5 12. Be3 Nd7 13. O-O-O Be7 14. Rhe1 O-O
15. Qe2 Nhf6 16. Nh4 g6 17. f4 Ne8 18. e5 Bxg2 19. Qxg2 Ng7 20. Nf3 Nf5 21. Bf2
Rc8 22. g4 Nd4 23. Bxd4 cxd4 24. Nxd4 Bh4 25. Re2 dxe5 26. Nf3 Bf6 27. g5 e4
28. gxf6 exf3 29. Qxf3 b5 30. Kb1 b4 31. Nd5 Rc5 32. Ne7+ Kh8 33. Red2 Rc7 34.
Qh3 Qa8 35. Rxd7 Qe4+ 36. Ka1 Qc2 37. Qe3 Rc4 38. Rd8 1-0